000 00641cam a22002053a 4500
001 40251
003 PGUSA
005 20140828083909.0
008 120716s2012||||xxu|||||s|||||000 | eng d
040 _aPGUSA
_beng
042 _adc
100 1 _aHurll, Estelle M.
_q(Estelle May),
_d1863-1924
245 1 0 _aTitian; a collection of fifteen pictures and a portrait of the painter
_h[electronic resource] /
_cEstelle M. Hurll
260 _bProject Gutenberg,
_c2012
506 _aPublic domain in the USA.
516 _aElectronic text
830 0 _aProject Gutenberg
_v40251
856 4 0 _uhttp://www.gutenberg.org/ebooks/40251
942 _cEB
999 _c269504
_d269504